000 02579cam a2200277 4500500
005 20260405002100.0
041 _afre
042 _adc
100 1 0 _aCaron, Patrick
_eauthor
245 0 0 _aTerritory: with government and market, a major institutional component to achieve resilience
260 _c2015.
500 _a38
520 _aDans un premier temps, sont analysées les raisons qui justifient la mobilisation croissante du mot « territoire » pour répondre aux défis du développement durable. Au-delà d’une polysémie affirmée, ce terme est ici considéré comme ayant une dimension sociale tout autant que spatiale, et faisant ainsi le lien entre les notions de communauté et de paysage. Le territoire contribue à la production et à la gestion de biens publics, ainsi que sa capacité à générer le changement. Ce concept offre un cadre analytique et opérationnel pour saisir les besoins de régulation publique via le renforcement d’actions collectives dédiées, la résolution partielle des défaillances d’État et de marché et les synergies entre actions collectives et publiques. Le texte identifie enfin les similitudes et spécificités des concepts de socioécosystème et de territoire.
520 _aExploring why the long existing word “territory” is increasingly used to address current sustainability challenges seems a worthwhile effort. Beyond its polysemy, the territory is considered here as having both spatial and social characteristics, liaising for instance at the local level between community and landscape. At the local level, the territory contributes to the provision or management of public goods and has the capacity to generate changes. This concept provides an analytical and operational framework for addressing public regulation needs through the strengthening of targeted collective action, through the partial resolution of market and state failures and through the connection between collective and public action. The text finally looks at commonalties and specificities between the two concepts of socio-ecosystem and territory.
690 _aaction publique
690 _arégulation
690 _asocioécosystème
690 _aterritoire
690 _apublic action
690 _aregulation
690 _aresilience
690 _asocio-ecosystem
690 _aterritory
786 0 _nNatures Sciences Sociétés | 23 | 2 | 2015-07-09 | p. 175-182 | 1240-1307
856 4 1 _uhttps://stm.cairn.info/journal-natures-sciences-societes-2015-2-page-175?lang=en&redirect-ssocas=7080
999 _c2054053
_d2054053